Doctor Who A-Z! - Statistics

General Stats
  • This quiz has been taken 249 times
  • The average score is 18 of 26
Answer Stats
Letter Hint Answer % Correct
D EXTERMINATE! Daleks
96%
K The Doctor's robot dog. K-9
94%
N Donna's surname. Noble
93%
T The Doctor's time-travelling machine. TARDIS
93%
M Rose's some-time boyfriend. Mickey Smith
90%
J Rose's mum. Jackie Tyler
89%
G The Eleventh Doctor's catch-phrase. Geronimo
88%
E Surname of actor who played the Ninth Doctor. Eccleston
87%
H Surname of actor who played the First Doctor. Hartnell
84%
O They sing the Tenth Doctor to sleep. Ood
84%
R The Lone Centurion. Rory Williams
84%
A Creatures made of living fat. Adipose
82%
S Farting Aliens. Slitheen
79%
P ______ Troughton plays the Second Doctor Patrick
77%
B Always take one to a party! Banana
76%
Z Shape-shifting aliens. Zygons
74%
I ___ Chesterton, one of the Doctor's first companions. Ian
70%
U The Seventh Doctor had one of these. Umbrella
69%
Q Which English monarch did the Doctor marry? Queen Elizabeth I
68%
C The Fifth Doctor wore this. Celery
63%
W The Lonely Assassins. Weeping Angels
62%
Y The Second Doctor meets these creatures controlled by the Great Intelligence. Yetis
40%
L The town where Amy and Rory live. Leadworth
34%
V Takes over LINDA. Victor Kennedy
28%
F Haunts the passengers of the Orient Express. The Foretold
27%
X A mysterious crystalline race from the Sarah Jane Adventures (e.g: Mr Smith) Xylok
16%
No matching quizzes found
Score Distribution
Percent of People with Each Score
Percentile by Number Answered
Your Score History
You have not taken this quiz